Nimmer on copyright : Vol 6 (Record no. 232323)
[ view plain ]
| 000 -LEADER | |
|---|---|
| fixed length control field | 00609nam a22002177a 4500 |
| 005 - DATE AND TIME OF LATEST TRANSACTION | |
| control field | 20241209144805.0 |
| 008 - FIXED-LENGTH DATA ELEMENTS--GENERAL INFORMATION | |
| fixed length control field | 241209b ||||| |||| 00| 0 eng d |
| 020 ## - INTERNATIONAL STANDARD BOOK NUMBER | |
| International Standard Book Number | 9788180385971 |
| 040 ## - CATALOGING SOURCE | |
| Transcribing agency | AL |
| 041 ## - LANGUAGE CODE | |
| Language code of text/sound track or separate title | English |
| 082 ## - DEWEY DECIMAL CLASSIFICATION NUMBER | |
| Edition number | 23 |
| Classification number | 346.730482 |
| Item number | NIMN |
| 100 ## - MAIN ENTRY--PERSONAL NAME | |
| Personal name | Melville B Nimmer |
| 9 (RLIN) | 188838 |
| 245 ## - TITLE STATEMENT | |
| Title | Nimmer on copyright : Vol 6 |
| 260 ## - PUBLICATION, DISTRIBUTION, ETC. | |
| Place of publication, distribution, etc. | Gurgaon |
| Name of publisher, distributor, etc. | LexisNexis |
| Date of publication, distribution, etc. | 2010 |
| 300 ## - PHYSICAL DESCRIPTION | |
| Other physical details | HB |
| Dimensions | 25x16cm. |
| Extent | 500p |
| 365 ## - TRADE PRICE | |
| Source of price type code | General |
| Price type code | 1060 |
| Price amount | ₹1658.76 |
| Currency code | ₹ |
| Unit of pricing | ₹2272.27 |
| Price note | 27% |
| Price effective from | 28/11/2024 |
| 440 ## - SERIES STATEMENT/ADDED ENTRY--TITLE | |
| Title | vol 9 |
| 9 (RLIN) | 188922 |
| 650 ## - SUBJECT ADDED ENTRY--TOPICAL TERM | |
| Topical term or geographic name entry element | Law |
| 9 (RLIN) | 188847 |
| 700 ## - ADDED ENTRY--PERSONAL NAME | |
| Personal name | NIMMER(David) |
| 9 (RLIN) | 188839 |
| 942 ## - ADDED ENTRY ELEMENTS (KOHA) | |
| Source of classification or shelving scheme | Dewey Decimal Classification |
| Koha item type | Reference |
| Withdrawn status | Lost status | Source of classification or shelving scheme | Damaged status | Not for loan | Collection code | Home library | Current library | Date acquired | Source of acquisition | Cost, normal purchase price | Total Checkouts | Full call number | Barcode | Date last seen | Cost, replacement price | Price effective from | Koha item type |
|---|---|---|---|---|---|---|---|---|---|---|---|---|---|---|---|---|---|
| Dewey Decimal Classification | Reference Book | Law | St Aloysius Law Library | St Aloysius Law Library | 12/05/2024 | MPP House Law Books Publishers Bengaluru-560009 | 1658.76 | 346.730482 NIMN | LL000944 | 12/09/2024 | 2272.27 | 12/09/2024 | Reference |